Nommez une équipe de football valide - Statistiques

Statistiques générales
  • Ce quiz a été pris 429 fois
  • Le résultat moyen est 10 sur 15
Statistiques - réponses
Nommez un club qui a... # Clubs % Correct
remporté la Ligue des Champions 23 Real Madrid | AC Milan | Bayern Munich | Barcelone | Liverpool | Ajax | Inter Milan | Manchester United | Juventus | Benfica | Nottingham Forest | Porto | Celtic | Hamburg | Steaua București | Marseille | Chelsea | Borussia Dortmund | Feyenoord | Aston Villa | PSV Eindoven | Red Star Belgrade | Manchester City
99%
remporté plus de 5 fois la Coupe de France 4 Paris SG | Marseille | Lille | Saint-Etienne
94%
réalisé le triplé en une saison (Ldc, coupe, championnat) 7 Ajax Amsterdam | PSV Eindhoven | Manchester United| Inter Milan | Bayern Munich | FC Barcelone | Manchester City
92%
eu Thierry Henry comme joueur (parcours séniors) 5 AS Monaco | Juventus | FC Arsenal | FC Barcelone | New York Red Bulls
74%
remporté au moins 3 fois le championnat de 2e division français 10 AS Nancy-Lorraine | OGC Nice| LOSC Lille | RC Lens | FC Metz | Montpellier HSC | Olympique lyonnais | AS Saint-Étienne | RC Strasbourg | Toulouse FC
69%
remporté la Coupe de France et le Championnat la même année 12 Paris Saint-Germain| AS Saint-Étienne | Olympique de Marseille | LOSC Lille| FC Sète | RC Paris| OGC Nice | Stade de Reims | AS Monaco | Girondins de Bordeaux | AJ Auxerre | Olympique lyonnais
67%
remporté la Coupe d'Italie entre 2000 et 2005 4 SS Lazio | Fiorentina | Parme | AC Milan | Inter Milan
66%
remporté le championnat allemand après 2000 hormis le Bayern Munich 5 Borussia Dortmund | Werder Brême | Stuttgart | Wolfsbourg | Leverkusen
65%
sa place en Premier League anglaise et qui se situe dans la ville de Londres 7 Chelsea FC | Arsenal FC | Crystal Palace | Tottenham Hotspur | West Ham United | Brentford FC | Fulham FC
65%
remporté une seule fois le championnat de France 7 Olympique lillois | RC Paris | CO Roubaix-Tourcoing | RC Strasbourg | AJ Auxerre | RC Lens | Montpellier HSC
62%
qui a perdu plus de 3 finales de Ligue des Champions 5 AC Milan | Bayern Munich | Liverpool | Benfica Lisbonne | Juventus Turin
59%
remporté la liga espagnole moins de 10 fois 5 Athletic Bilbao | Valence | CF Real Sociedad | Real Betis Séville | Deportivo La Corogne
57%
au moins 70 saisons en Ligue 1 2 Marseille | Saint-Etienne
47%
qui a disputé une finale de Coupe de France en étant en D2 10 FCO Charleville | RC Lens | US Valenciennes | Le Havre | AC AJ Auxerre | US Orléans| FC Sochaux-Montbéliard | CS Sedan Ardennes | LB Chateauroux | En avant de Guingamp
38%
remporté la Ligue des Champions Africaine (CAF) 26 Al Ahly | SC Zamalek | Mazembe | ES Tunis| Wydad| AC Hafia |FC Raja| CA Canon Yaoundé | Asante Kotoko | FC ES Sétif | Enyimba FC | JS Kabylie |ES Sahel Hearts of Oak | AS Vita Club | Mamelodi Sundowns | ASEC Mimosas | Orlando Pirates | Ismaily | SC Club africain| AS FAR | Union Douala |MC Alger | CARA Brazzaville | Stade d'Abidjan | Oryx Douala
20%
Aucun quiz correspondant
Distribution des résultats
% des personnes avec chaque résultat
Percentile par nombre de réponses
Votre historique - résultats
Vous n’avez pas pris ce quiz